LEADER 00638nam a2200169 i 4500 001 000000217002 003 CaOOAMICUS 005 20121116000000.0 008 121116s1897 xx u000 u lat u 013 $a195898 040 $aSeMil$bita 245 10$aContinens tractatum de recidivis. 300 $a272 p. 773 0 $aBerardi, Emilio$tRecidivis et occasionariis.$bEd. 5. iterum revisa et emendata.$dFaventiae : Ex Typographia Novelli, 1897.$g1$w()27690 850 $aSeMil 852 $aSeMil$W1$xVenegono$y1$m2E II 56 FA$j167418$B167418$CSeMilBibl$Z2$F178208 $8I 996 $6245$aContinens tractatum de recidivis$9(OLS)http://semarc/title/74646 LEADER 01179nam a2200277 i 4500 001 000000049833 003 CaOOAMICUS 005 20090416000000.0 008 090416s1992 it u000 u ita u 013 $a21004 020 $a88-311-1101-9 040 $aSeMil$bita 100 1 $aBloy, Léon,$d<1846-1917>.$0(OLS)http://semarc/name/8646 245 13$aIl pellegrino dell'assoluto :$bdiari 1892-1917 /$cLéon Bloy ; introduzione di Sergio Quinzio. 260 $aRoma :$bCittà Nuova,$c1992. 300 $a240 p. ;$c21 cm. 490 0 $aI libri del ponte 650 4$aBloy, Léon <1846-1917> - Diari e memorie - 1892-1917.$0(OLS)http://semarc/subject/10337 700 1 $aQuinzio, Sergio,$d<1927-1996>.$0(OLS)http://semarc/name/2775 830 2$aI libri del ponte.$0(OLS)http://semarc/title/25911 850 $aSeMil 852 $aSeMil$W1$xVenegono$y1$m2Q II 311$j15988$B15988$CSeMilBibl$Z2$F15988 $81 961 $aOmaggio: Donazione 996 $6020$a88-311-1101-9$9(OLS)http://semarc/number/23369 996 $6245$aIl pellegrino dell'assoluto :$bdiari 1892-1917$9(OLS)http://semarc/title/75933 996 $6260$aRoma :$bCittà Nuova$9(OLS)http://semarc/publisher/29609